| 000 | 00502nam a2200181Ia 4500 | ||
|---|---|---|---|
| 005 | 20250508150448.0 | ||
| 008 | 008 250505s9999 xx 000 0 eng d | ||
| 037 | _aTextual | ||
| 040 |
_aFEDL _beng _cFEDL |
||
| 041 |
_aeng _2eng |
||
| 084 |
_a770, CAS _qFEDL |
||
| 100 |
_aCash J Allan _9756748 |
||
| 245 | 0 | _aLiving on my camera: Ten years of free-lancing | |
| 260 |
_aLondon, UK _bThe Focal Press _c1946 |
||
| 300 | _a268p. | ||
| 942 |
_cTEXL _h770, CAS |
||
| 999 |
_c1323770 _d1323770 |
||